000 01776nam a2200325 i 4500
003 DO-SdBNP
005 20240621102936.0
007 ta
008 240621s2017 sp 000 j spa d
020 _a9788497594240 (v. 98/3)
040 _aDO-SdBNP
_bspa
_cBNPHU
_erda
082 _bF667
_222
100 1 _aFollett, Ken,
_d1949-
_913022
_eautor
240 1 _aThe man from St. Peterburg /
245 1 3 _aEl hombre de San Petersburgo /
_cKen Follett ; traducción Damián Sánchez Bustamante
264 1 _aBarcelona, España :
_bPenguin Randon House,
_c2017.
300 _a343 páginas,
_c19 cm.
336 _2rdacontent
_atexto
_btxt
337 _2rdamedia
_asin mediación
_bn
338 _2rdacarrier
_avolumen
_bnc
490 1 _aDebolsillo
_v98/3
500 _aBest Seller
500 _aIncluye datos biografícos del autor en la página 2.
500 _aLa biblioteca posee la 2a. reimpresión de marzo del 2018.
520 _aEn 1914 el mundo estaba en vísperas de la Gran Guerra. Tanto Francia e Inglaterra como los imperios centrales trataban de conseguir el apoyo de Rusia, que podía decidir el desenlace de la futura contienda. En esos instantes cruciales de la historia, un aristócrata ingles, lord Walden, y un joven y prometedor político llamado Winston Churchill esperaban la llegada del príncipe Orlov, enviado del zar en misión secreta para entablar conversaciones y establecer pactos con la monarquía británica. Pero el príncipe no fue el único en llegar a Londres desde las frías tierras al este de Europa: un enigmático personaje procedente de Siberia le seguía los pasos...
590 _aInventariado, 2024/ YL
700 1 _aSánchez Bustamante, Damián
_etraducción
_913025
910 _aYLockward
942 _2ddc
_cLBS1
999 _c56919
_d56919